Benchmarking ako nástroj riadenia konkurencieschopnosti malých a stredných podnikov

Možnosti použitia benchmarkingu v malých a stredných podnikoch. Postup analýzy pozície MSP podľa vybraných kritérií použitím viacrozmerných metód. Rating podnikov na základe vybraných kritérií porovnania.

Salvato in:
Dettagli Bibliografici
Autore principale: Bondareva, Irina
Natura: Capitolo di libro
Lingua:slovacco
Soggetti:
Tags: Aggiungi Tag
Nessun Tag, puoi essere il primo ad aggiungerne!!

MARC

LEADER 00000nla a2200000 4500
001 0191247
005 20240417075047.7
041 0 |a slo 
044 |a SK 
245 1 0 |a Benchmarking ako nástroj riadenia konkurencieschopnosti malých a stredných podnikov  |c Irina Bondareva 
520 |a Možnosti použitia benchmarkingu v malých a stredných podnikoch. Postup analýzy pozície MSP podľa vybraných kritérií použitím viacrozmerných metód. Rating podnikov na základe vybraných kritérií porovnania. 
610 2 0 |a benchmarking 
610 2 0 |a podnik malý 
610 2 0 |a podnik stredný 
610 2 0 |a konkurencieschopnosť 
610 2 0 |a kritériá rozhodovania 
100 1 |a Bondareva, Irina